What time is it now?(KHMER) / (Record no. 48889)
| 000 -LEADER | |
|---|---|
| fixed length control field | 00305nam a2200109 4500 |
| 020 ## - INTERNATIONAL STANDARD BOOK NUMBER | |
| International Standard Book Number | 9789996345289 |
| 100 ## - MAIN ENTRY--PERSONAL NAME | |
| Personal name | Alawi, Maria Lamrani |
| 9 (RLIN) | 86333 |
| 245 ## - TITLE STATEMENT | |
| Title | What time is it now?(KHMER) / |
| Statement of responsibility, etc | Maria Lamrani Alawi |
| 260 ## - PUBLICATION, DISTRIBUTION, ETC. (IMPRINT) | |
| Place of publication, distribution, etc | Cambodia |
| Name of publisher, distributor, etc | Open Book |
| Date of publication, distribution, etc | 2023 |
| 300 ## - PHYSICAL DESCRIPTION | |
| Extent | 20 p. |
| Other physical details | col. ill. |
| Dimensions | 22 cm. |
| 942 ## - ADDED ENTRY ELEMENTS (KOHA) | |
| Source of classification or shelving scheme | |
| Koha item type | Book |
| Withdrawn status | Lost status | Source of classification or shelving scheme | Damaged status | Not for loan | Collection code | Home library | Current library | Date acquired | Total Checkouts | Full call number | Barcode | Checked out | Date last seen | Date checked out | Price effective from | Koha item type |
|---|---|---|---|---|---|---|---|---|---|---|---|---|---|---|---|---|
| Siem Riep | Asian Hope Primary Library | Asian Hope Primary Library | 05/05/2025 | 12 | KHMER E ALA | 208102 | 04/28/2026 | 04/21/2026 | 04/21/2026 | 05/05/2025 | Book |